[Event "XVI Festival A"]
[Site "Trieste ITA"]
[Date "2014.08.31"]
[Round "4"]
[White "Dvirnyy, Danyyil"]
[Black "Cherin, Diego"]
[WhiteElo "2530"]
[BlackElo "2247"]
[Result "1-0"]
[PlyCount "81"]
[EventDate "2014.08.30"]

1. c4 f5 2. g3 Nf6 3. Bg2 e5 4. Nc3 Nc6 5. d3 Bc5 6. e3 O-O 7. Nge2 Re8 8. O-O
Bf8 9. Nd5 d6 10. e4 Nxd5 11. cxd5 Ne7 12. Qb3 Kh8 13. Be3 c5 14. f4 fxe4 15.
dxe4 exf4 16. gxf4 Ng6 17. Bd2 Be7 18. Bc3 Bf6 19. Ng3 Bxc3 20. Qxc3 Qh4 21. e5
Nxf4 22. e6 Nxg2 23. Kxg2 b5 24. Nf5 Qg4+ 25. Qg3 Qxg3+ 26. Kxg3 Bxe6 27. dxe6
Rxe6 28. Rae1 Rf6 29. Ne7 Rxf1 30. Rxf1 h6 31. h4 Rd8 32. Rf5 a5 33. h5 a4 34.
Kf4 Re8 35. Rf7 d5 36. Kf5 Rd8 37. Nc6 Rc8 38. Na7 Rd8 39. Nc6 Rc8 40. Ne5 Kg8
41. Kg6 1-0

[Event "XVI Festival A"]
[Site "Trieste ITA"]
[Date "2014.08.31"]
[Round "4"]
[White "Eggleston, David J."]
[Black "Vovk, Andrey"]
[WhiteElo "2398"]
[BlackElo "2614"]
[Result "1/2-1/2"]
[PlyCount "39"]
[EventDate "2014.08.30"]

1. e4 c5 2. Nf3 d6 3. d4 cxd4 4. Nxd4 Nf6 5. Nc3 Nc6 6. Bg5 e6 7. Qd2 a6 8.
O-O-O h6 9. Nxc6 bxc6 10. Bf4 d5 11. Be3 Bb4 12. a3 Ba5 13. Be2 O-O 14. e5 Nd7
15. Bxh6 Bxc3 16. bxc3 gxh6 17. Qxh6 Nxe5 18. Rd3 Nxd3+ 19. Bxd3 f5 20. Qg6+
1/2-1/2

[Event "XVI Festival A"]
[Site "Trieste ITA"]
[Date "2014.08.31"]
[Round "4"]
[White "Franciskovic, Borka"]
[Black "Horvath, Csaba"]
[WhiteElo "2318"]
[BlackElo "2540"]
[Result "0-1"]
[PlyCount "82"]
[EventDate "2014.08.30"]

1. c4 e5 2. g3 c6 3. d4 d6 4. Bg2 Nd7 5. Nc3 Ngf6 6. e3 Be7 7. Nge2 O-O 8. O-O
exd4 9. exd4 Nb6 10. b3 d5 11. c5 Nbd7 12. Be3 Re8 13. h3 Nf8 14. Nf4 h6 15.
Qd2 Bf5 16. b4 Qd7 17. Kh2 Bd8 18. Rfe1 Bc7 19. Nd3 Ng6 20. Nf4 Ne7 21. a4 g5
22. Nfe2 Bg6 23. f4 Nf5 24. Bf2 h5 25. fxg5 Ne4 26. Nxe4 dxe4 27. Nf4 h4 28.
Ra3 hxg3+ 29. Bxg3 Nxg3 30. Rxg3 Qf5 31. Nxg6 fxg6 32. Qe3 Bf4 33. Qb3+ Kg7 34.
Rf1 Qxg5 35. Rxf4 Qxf4 36. Kh1 Rad8 37. Rg4 Qf2 38. b5 e3 39. Qd3 Re6 40. Re4
Rxe4 41. Qxe4 e2 0-1

[Event "XVI Festival A"]
[Site "Trieste ITA"]
[Date "2014.08.31"]
[Round "4"]
[White "Heikkila, Antti"]
[Black "Sepehrkhoui, Ardeshir"]
[WhiteElo "1953"]
[BlackElo "2134"]
[Result "0-1"]
[PlyCount "60"]
[EventDate "2014.08.30"]

1. c4 Nf6 2. g3 c5 3. Bg2 d5 4. cxd5 Nxd5 5. Nc3 Nc7 6. f4 e6 7. Nf3 Nc6 8. O-O
Be7 9. b3 O-O 10. Bb2 Rb8 11. Rc1 b6 12. Qc2 h6 13. Ne4 Nd5 14. Qb1 Ba6 15. Rf2
f5 16. Nc3 Nf6 17. Nh4 Qe8 18. h3 Rc8 19. Nf3 Nh5 20. e4 Nxg3 21. exf5 Rxf5 22.
Re1 Qf7 23. Ne4 Nh5 24. Ne5 Nxe5 25. Bxe5 Nxf4 26. Bxf4 Rxf4 27. Rxf4 Qxf4 28.
Qb2 Bd8 29. Re3 Bc7 30. Ng3 Qd4 0-1

[Event "XVI Festival A"]
[Site "Trieste ITA"]
[Date "2014.08.31"]
[Round "4"]
[White "Hrescak, Ivana"]
[Black "Larmuseau, Michiel"]
[WhiteElo "2020"]
[BlackElo "2143"]
[Result "1/2-1/2"]
[PlyCount "94"]
[EventDate "2014.08.30"]

1. d4 Nf6 2. c4 e6 3. Nc3 Bb4 4. e3 b6 5. Nge2 Bb7 6. a3 Bxc3+ 7. Nxc3 d6 8. d5
O-O 9. Be2 c6 10. Bf3 cxd5 11. cxd5 e5 12. O-O Nbd7 13. b4 Qe7 14. e4 Rfc8 15.
Bd2 a6 16. Rc1 h6 17. Be3 Rc7 18. Qd2 Rac8 19. Be2 Kh7 20. f3 Nh5 21. g3 Nhf6
22. Kg2 Ng8 23. Na4 Rxc1 24. Rxc1 Qd8 25. Rxc8 Bxc8 26. Qc1 Ne7 27. Qg1 b5 28.
Nb6 Qc7 29. Nxd7 Bxd7 30. Qc1 Qxc1 31. Bxc1 Kg8 32. Be3 Kf8 33. Bf1 Ng8 34. Bd3
f5 35. Bb6 Nf6 36. h3 Be8 37. Bd8 fxe4 38. fxe4 Nd7 39. Kf2 Nf6 40. Bxf6 gxf6
41. g4 Kg7 42. Kg3 h5 43. Kh4 Kh6 44. Bc2 Bg6 45. Bd3 Bf7 46. Be2 hxg4 47. hxg4
Be8 1/2-1/2

[Event "XVI Festival A"]
[Site "Trieste ITA"]
[Date "2014.08.31"]
[Round "4"]
[White "Kolesar, Milan"]
[Black "De Schampheleire, Glen"]
[WhiteElo "2166"]
[BlackElo "2307"]
[Result "1-0"]
[PlyCount "127"]
[EventDate "2014.08.30"]

1. Nf3 Nf6 2. c4 e6 3. Nc3 Bb4 4. Qc2 O-O 5. a3 Bxc3 6. Qxc3 d6 7. g3 e5 8. d3
Re8 9. Bg2 d5 10. cxd5 Nxd5 11. Qc2 Nc6 12. O-O Bg4 13. Qc4 Qd7 14. Be3 Nxe3
15. fxe3 Be6 16. Qc3 Bd5 17. Rac1 f5 18. Nd2 Bxg2 19. Kxg2 Kh8 20. Rf2 Rf8 21.
Rcf1 Rf6 22. Nf3 Re8 23. Nh4 f4 24. e4 Nd4 25. Nf3 Rc6 26. Qb4 Nxf3 27. Rxf3
Rb6 28. Qd2 g5 29. h4 gxh4 30. gxf4 Rg8+ 31. Kf2 Qd4+ 32. Qe3 Rxb2 33. Qxd4
exd4 34. Rh3 Rg3 35. Rxg3 hxg3+ 36. Kxg3 c5 37. Rg1 c4 38. dxc4 Rb3+ 39. Kg2
Re3 40. e5 Kg7 41. Rd1 Kg6 42. Rxd4 Kf5 43. Rd3 Rxe2+ 44. Kg3 Rc2 45. Rd7 Rc3+
46. Kf2 Kxf4 47. e6 Rf3+ 48. Kg2 Rg3+ 49. Kh2 Re3 50. e7 b6 51. Rxa7 Kf5 52. a4
Kf6 53. c5 bxc5 54. a5 Kf7 55. a6 c4 56. Rc7 h5 57. a7 Ra3 58. Kg2 h4 59. Rc8
Kxe7 60. a8=Q Rxa8 61. Rxa8 Kd6 62. Kf3 Kc5 63. Ke3 Kb4 64. Kd2 1-0

[Event "XVI Festival A"]
[Site "Trieste ITA"]
[Date "2014.08.31"]
[Round "4"]
[White "Kozul, Zdenko"]
[Black "Larmuseau, Maarten"]
[WhiteElo "2608"]
[BlackElo "2236"]
[Result "1-0"]
[PlyCount "93"]
[EventDate "2014.08.30"]

1. d4 e6 2. c4 Nf6 3. Nf3 d5 4. Nc3 Be7 5. Bf4 O-O 6. e3 c6 7. Bd3 Nbd7 8. cxd5
Nxd5 9. Bg3 c5 10. O-O b6 11. e4 Nxc3 12. bxc3 Bb7 13. d5 exd5 14. exd5 Bf6 15.
Rb1 Bxc3 16. Qc2 Bd4 17. Nxd4 cxd4 18. Rb4 Rc8 19. Qb1 g6 20. Rxd4 Qf6 21. Qa1
Rc5 22. d6 Rd5 23. Rxd5 Qxa1 24. Rxa1 Bxd5 25. Bb5 Be6 26. f3 Rd8 27. a3 f6 28.
Re1 Kf7 29. h4 Nc5 30. Bf4 Nd7 31. Kh2 Nc5 32. g4 Rc8 33. g5 f5 34. Kg3 Rd8 35.
h5 Rc8 36. hxg6+ hxg6 37. Rh1 a6 38. Be2 Nd7 39. Rh7+ Kg8 40. Re7 Nc5 41. Be5
Bf7 42. Bf6 f4+ 43. Kxf4 b5 44. Bf1 Rd8 45. Ra7 Rxd6 46. Ra8+ Kh7 47. Rh8# 1-0

[Event "XVI Festival A"]
[Site "Trieste ITA"]
[Date "2014.08.31"]
[Round "4"]
[White "Lodici, Lorenzo"]
[Black "Baiocchi, Emanuele"]
[WhiteElo "2150"]
[BlackElo "1870"]
[Result "1-0"]
[PlyCount "53"]
[EventDate "2014.08.30"]

1. d4 d5 2. c4 c6 3. Nc3 Nf6 4. Nf3 Bf5 5. cxd5 cxd5 6. Qb3 Qb6 7. Nxd5 Nxd5 8.
Qxd5 e6 9. Qb3 Qxb3 10. axb3 Nc6 11. Bd2 Be7 12. e3 O-O 13. Bc4 a6 14. O-O b5
15. Be2 Be4 16. Rfc1 Rfc8 17. Ne1 Nb4 18. Bf3 Bd5 19. Bxd5 exd5 20. Kf1 f6 21.
Ke2 Kf7 22. Bxb4 Rxc1 23. Rxc1 Bxb4 24. Rc7+ Be7 25. Nd3 Rd8 26. Nb4 Rd6 27.
Nc6 1-0

[Event "XVI Festival A"]
[Site "Trieste ITA"]
[Date "2014.08.31"]
[Round "4"]
[White "Ludovici, Roberto"]
[Black "Barp, Alberto"]
[WhiteElo "1835"]
[BlackElo "2030"]
[Result "0-1"]
[PlyCount "43"]
[EventDate "2014.08.30"]

1. e4 e6 2. Nf3 d5 3. Nc3 Nf6 4. e5 Nfd7 5. d4 c5 6. Bg5 Qb6 7. Na4 Qa5+ 8. c3
cxd4 9. b4 Qc7 10. Qxd4 Nc6 11. Qe3 Ncxe5 12. Nd4 a6 13. f4 b5 14. Nb2 Nc6 15.
Nxe6 fxe6 16. Qxe6+ Be7 17. Bd3 Nb6 18. Qe2 O-O 19. Qh5 g6 20. Bxg6 Bxg5 21.
Qxg5 Qe7+ 22. Qxe7 0-1

[Event "XVI Festival A"]
[Site "Trieste ITA"]
[Date "2014.08.31"]
[Round "4"]
[White "Lyell, Mark"]
[Black "Curione, Francesco"]
[WhiteElo "2202"]
[BlackElo "2192"]
[Result "1-0"]
[PlyCount "123"]
[EventDate "2014.08.30"]

1. e4 e6 2. d4 d5 3. Nc3 Bb4 4. e5 c5 5. a3 Bxc3+ 6. bxc3 Ne7 7. h4 Nbc6 8. h5
Qa5 9. Bd2 h6 10. Qg4 Nf5 11. Bd3 Nce7 12. Qf4 c4 13. Be2 Nc6 14. g4 Nfe7 15.
Nf3 Bd7 16. Nh4 O-O-O 17. Qf3 Qb5 18. O-O Qa5 19. Qe3 Qa4 20. Ra2 Rdf8 21. f4
g6 22. Kh2 Qa5 23. Bf3 Qd8 24. Be1 Kb8 25. a4 Ka8 26. Bg2 Qe8 27. Bh3 gxh5 28.
gxh5 f6 29. Qe2 Rhg8 30. Bd2 Nd8 31. a5 fxe5 32. dxe5 Rf7 33. Be3 Rfg7 34. Rg1
Rxg1 35. Bxg1 Qf7 36. Qf3 Be8 37. Bc5 d4 38. Bxe7 Qxe7 39. Ng6 Qc5 40. Qf2 Qb5
41. cxd4 Qb1 42. c3 Qd1 43. a6 Rg7 44. axb7+ Rxb7 45. Qe2 Qb1 46. Bg2 Kb8 47.
Bxb7 Nxb7 48. Rb2 Qf5 49. Qf3 Qf7 50. Nf8 Ba4 51. Rxb7+ Qxb7 52. Qxb7+ Kxb7 53.
Kg3 Bc2 54. Nxe6 Kc6 55. Kf3 Bd1+ 56. Ke4 Bxh5 57. d5+ Kb5 58. d6 Be8 59. Nc7+
Kc6 60. Nxe8 a5 61. e6 a4 62. d7 1-0

[Event "XVI Festival A"]
[Site "Trieste ITA"]
[Date "2014.08.31"]
[Round "4"]
[White "Makka, Ioulia"]
[Black "Borgo, Giulio"]
[WhiteElo "2124"]
[BlackElo "2381"]
[Result "1/2-1/2"]
[PlyCount "88"]
[EventDate "2014.08.30"]

1. e4 d6 2. d4 Nd7 3. Nf3 g6 4. Nc3 a6 5. a4 c5 6. Bc4 e6 7. dxc5 Qc7 8. Qd4
Ne5 9. Be2 Nf6 10. cxd6 Bxd6 11. Bd2 O-O 12. Nxe5 Bxe5 13. Qe3 Rd8 14. h4 h5
15. Bd3 Ng4 16. Qe2 Bd4 17. Nd1 Bd7 18. c3 Ba7 19. Ne3 Ne5 20. Bc2 b5 21. f4
Bxe3 22. Bxe3 Nc4 23. Bc1 Qc5 24. Qf2 Qxf2+ 25. Kxf2 bxa4 26. Bxa4 Bxa4 27.
Rxa4 Nxb2 28. Rd4 e5 29. Rxd8+ Rxd8 30. Bxb2 Rd2+ 31. Kf3 Rxb2 32. Ra1 Rc2 33.
Ra3 exf4 34. Rxa6 Rxc3+ 35. Kxf4 Kg7 36. g3 Rc1 37. Kf3 Rf1+ 38. Ke3 Kh6 39.
Ra8 Rf6 40. Ra5 Rb6 41. Kf4 f6 42. Rc5 Rb4 43. Rc6 f5 44. Re6 fxe4 1/2-1/2

[Event "XVI Festival A"]
[Site "Trieste ITA"]
[Date "2014.08.31"]
[Round "4"]
[White "Markocic, Tine"]
[Black "Zuttioni, Federico"]
[WhiteElo "1981"]
[BlackElo "2096"]
[Result "1/2-1/2"]
[PlyCount "91"]
[EventDate "2014.08.30"]

1. e4 e5 2. Bc4 Nf6 3. d3 c6 4. Nf3 d5 5. Bb3 Bb4+ 6. c3 Bd6 7. Qe2 Qe7 8. Bg5
dxe4 9. dxe4 h6 10. Bh4 Nbd7 11. Nbd2 Nf8 12. Nc4 Bc7 13. O-O Ng6 14. Bg3 b5
15. Na3 Nh5 16. Nc2 Nhf4 17. Qd2 Bg4 18. Ne3 Bxf3 19. gxf3 Nh4 20. Bd1 O-O 21.
Kh1 Rad8 22. Bxh4 Qxh4 23. Qe1 Nd3 24. Qe2 g6 25. Ng2 Qh3 26. Bc2 Nxb2 27. Ne3
Bb6 28. Rg1 Bxe3 29. fxe3 Rd6 30. Bb3 Rfd8 31. Rg3 Qh5 32. Bxf7+ Kxf7 33. Qxb2
Rd2 34. Qb3+ Kg7 35. h3 Qh4 36. Rag1 R8d6 37. Qa3 Qd8 38. Qxa7+ Kh8 39. Rxg6
Rxg6 40. Rxg6 Qf8 41. Rg3 Rf2 42. Qc7 Rxf3 43. Qxe5+ Kh7 44. Qc7+ Kh8 45. Qe5+
Kh7 46. Qc7+ 1/2-1/2

[Event "XVI Festival A"]
[Site "Trieste ITA"]
[Date "2014.08.31"]
[Round "4"]
[White "Mazi, Leon"]
[Black "Jovanic, Ognjen"]
[WhiteElo "2361"]
[BlackElo "2461"]
[Result "0-1"]
[PlyCount "100"]
[EventDate "2014.08.30"]

1. e4 c5 2. Nf3 e6 3. d4 cxd4 4. Nxd4 Nc6 5. Nc3 Qc7 6. Be3 a6 7. Qd2 Nf6 8. f3
b5 9. O-O-O Be7 10. Qf2 Bb7 11. Nxc6 Bxc6 12. Qg3 Qxg3 13. hxg3 d5 14. exd5
Nxd5 15. Bd2 f6 16. Bd3 Kf7 17. Rde1 Nxc3 18. Bxc3 h5 19. Bg6+ Kxg6 20. Rxe6
Bxf3 21. gxf3 Bc5 22. b4 Bf2 23. Be1 Kf5 24. Rc6 Bxe1 25. Rxe1 h4 26. Rc5+ Kg6
27. gxh4 Rxh4 28. Rg1+ Kh6 29. a3 g5 30. Re1 Rh3 31. Rf1 Kg6 32. Kb2 Ra7 33. c4
Re7 34. cxb5 axb5 35. Rc3 Re2+ 36. Kb3 Rhh2 37. Rb1 Ra2 38. Rc5 Raf2 39. Rxb5
Rxf3+ 40. Ka4 Rh8 41. Ra5 g4 42. Ra7 g3 43. Kb5 g2 44. Rg1 Rg3 45. Rd7 Rh1 46.
Rdd1 Rxg1 47. Rxg1 f5 48. Kc5 f4 49. Kd4 Kf5 50. b5 Rg8 0-1

[Event "XVI Festival A"]
[Site "Trieste ITA"]
[Date "2014.08.31"]
[Round "4"]
[White "Popchev, Milko"]
[Black "Santeramo, Alessia Carmen"]
[WhiteElo "2240"]
[BlackElo "2059"]
[Result "1-0"]
[PlyCount "95"]
[EventDate "2014.08.30"]

1. Nc3 e5 2. Nf3 Nc6 3. d4 exd4 4. Nxd4 Nf6 5. Bg5 Bb4 6. Nxc6 bxc6 7. Qd4 Be7
8. e4 d6 9. O-O-O O-O 10. e5 Nd5 11. Bxe7 Qxe7 12. Nxd5 cxd5 13. exd6 Qxd6 14.
Qxd5 Qh6+ 15. Qd2 Qf6 16. Qd4 Qh6+ 17. Qe3 Qf6 18. Bc4 Bf5 19. Rhe1 Rab8 20.
Qe5 Qc6 21. Qxf5 Qxc4 22. b3 Qb4 23. Kb1 Rbd8 24. Qf3 a5 25. Rxd8 Rxd8 26. Rd1
Rb8 27. Rd7 Qe1+ 28. Qd1 Qe8 29. Rxc7 Rd8 30. Qf3 a4 31. Qe3 Qb5 32. Qe7 Rf8
33. Qc5 Qa6 34. Qc4 Qa5 35. b4 Qa8 36. Qc6 Qb8 37. a3 g6 38. h4 Qd8 39. Qc4 Qf6
40. f3 Qf5 41. Rc5 Qd7 42. h5 Qd2 43. hxg6 hxg6 44. Qg4 Kg7 45. Kb2 Re8 46. Rc4
Kh7 47. Qd4 Qxg2 48. Qf6 1-0

[Event "XVI Festival A"]
[Site "Trieste ITA"]
[Date "2014.08.31"]
[Round "4"]
[White "Simoni, Giulio"]
[Black "Vesce, Emanuele"]
[WhiteElo "1845"]
[BlackElo "1977"]
[Result "1/2-1/2"]
[PlyCount "45"]
[EventDate "2014.08.30"]

1. e4 c5 2. Nf3 d6 3. d4 cxd4 4. Nxd4 Nf6 5. Nc3 a6 6. h3 e5 7. Nde2 b5 8. g4
Bb7 9. Bg2 Nbd7 10. Ng3 Nb6 11. O-O Qc7 12. g5 Nfd7 13. Nce2 g6 14. f4 exf4 15.
Bxf4 Ne5 16. c3 Bg7 17. Qb3 O-O 18. Rad1 Rad8 19. Bc1 d5 20. exd5 Nxd5 21. Ne4
Nc4 22. Rd3 Qb6+ 23. Nd4 1/2-1/2

[Event "XVI Festival A"]
[Site "Trieste ITA"]
[Date "2014.08.31"]
[Round "4"]
[White "Srebrnic, Vojko"]
[Black "Drazic, Sinisa"]
[WhiteElo "2191"]
[BlackElo "2433"]
[Result "0-1"]
[PlyCount "142"]
[EventDate "2014.08.30"]

1. e4 c5 2. f4 d5 3. exd5 Qxd5 4. Nc3 Qd8 5. Nf3 Nc6 6. Bb5 Bd7 7. O-O e6 8.
Bxc6 Bxc6 9. Ne5 Rc8 10. Qe2 Be7 11. d3 Nf6 12. Be3 O-O 13. Nxc6 Rxc6 14. Rae1
Nd5 15. Nxd5 Qxd5 16. b3 Bf6 17. Qf3 Bc3 18. Re2 Qd7 19. a4 g6 20. Kh1 b6 21.
Bf2 Rd6 22. Be1 Bg7 23. Re4 Rd5 24. Bd2 Rd8 25. Rfe1 h5 26. R4e2 Bf6 27. Rf1
Kg7 28. Be1 Rf5 29. Re4 a6 30. Qe2 b5 31. axb5 axb5 32. Bf2 Qd6 33. Be1 Ra8 34.
Bd2 Ra2 35. Rc1 Qa6 36. Qe1 Qd6 37. g3 Rd5 38. Qf1 Qd8 39. Qf3 Qa8 40. Be1 Rd8
41. Re3 Qa3 42. Bd2 Bb2 43. Rb1 Bd4 44. Bc1 Qb4 45. Re2 Qc3 46. f5 Rxc2 47. Bb2
Rxb2 48. Rexb2 exf5 49. Qe2 Qa5 50. Ra2 Qb6 51. Kg2 Qc6+ 52. Qf3 Qd6 53. Re1
Bf6 54. Rc1 b4 55. Re2 Bc3 56. Rd1 Qa6 57. Rc2 Qe6 58. Rb1 Qd7 59. Rd1 Re8 60.
Re2 Rxe2+ 61. Qxe2 Qd5+ 62. Qf3 Qxb3 63. Rf1 Qa2+ 64. Rf2 Qe6 65. Re2 Qd7 66.
Qa8 b3 67. Re8 b2 68. Rg8+ Kh7 69. Rb8 Qxd3 70. Qb7 Qe2+ 71. Kh3 Qf1+ 0-1

[Event "XVI Festival A"]
[Site "Trieste ITA"]
[Date "2014.08.31"]
[Round "4"]
[White "Stark, Lars"]
[Black "Horvath, Jozsef"]
[WhiteElo "2453"]
[BlackElo "2501"]
[Result "1/2-1/2"]
[PlyCount "83"]
[EventDate "2014.08.30"]

1. c4 e5 2. g3 Nf6 3. Bg2 c6 4. d4 exd4 5. Qxd4 Na6 6. Nf3 Bc5 7. Qe5+ Be7 8.
O-O O-O 9. Nc3 Re8 10. Qd4 Nc7 11. e4 d6 12. Re1 Bg4 13. h3 Bxf3 14. Bxf3 Nd7
15. Be3 Bf6 16. Qd2 Nc5 17. Rad1 Bxc3 18. Qxc3 Nxe4 19. Qb4 Qc8 20. Bf4 d5 21.
Bxc7 Qxc7 22. cxd5 cxd5 23. Rxd5 Nf6 24. Rdd1 h6 25. b3 Rab8 26. Rxe8+ Nxe8 27.
Kg2 b6 28. Rd4 Rd8 29. Rc4 Qd7 30. Qc3 Kf8 31. Qb4+ Qe7 32. Qc3 Qd7 33. Qb2 Qe7
34. Qc2 Kg8 35. Re4 Qd6 36. Re1 Nc7 37. Rd1 Qe7 38. Rxd8+ Qxd8 39. Qc6 Ne8 40.
b4 Kf8 41. a4 Qd6 42. Qa8 1/2-1/2

[Event "XVI Festival A"]
[Site "Trieste ITA"]
[Date "2014.08.31"]
[Round "4"]
[White "Suc, Timothy"]
[Black "Plenca, Jadranko"]
[WhiteElo "2122"]
[BlackElo "2184"]
[Result "1/2-1/2"]
[PlyCount "79"]
[EventDate "2014.08.30"]

1. e4 e5 2. Nf3 Nc6 3. Bb5 a6 4. Ba4 Nf6 5. O-O Be7 6. d3 b5 7. Bb3 d6 8. a4
Bd7 9. Nc3 Na5 10. Ba2 b4 11. Ne2 Rb8 12. Ng3 c5 13. Nh4 O-O 14. Nhf5 b3 15.
cxb3 Be6 16. b4 cxb4 17. Bxe6 fxe6 18. Nxe7+ Qxe7 19. Be3 Rbc8 20. d4 exd4 21.
Bxd4 Rc6 22. Rc1 Qd7 23. Rxc6 Qxc6 24. Bxf6 Rxf6 25. e5 Rf7 26. exd6 Nb7 27.
Re1 Nc5 28. Qd4 Qd5 29. Qxd5 exd5 30. Re5 Rd7 31. Rxd5 Nxa4 32. Ne4 Rd8 33. g3
a5 34. Rxa5 Nxb2 35. Rb5 Nc4 36. Rxb4 Nxd6 37. Rd4 Nf7 38. Rxd8+ Nxd8 39. Kg2
h5 40. Ng5 1/2-1/2

[Event "XVI Festival A"]
[Site "Trieste ITA"]
[Date "2014.08.31"]
[Round "4"]
[White "Sumets, Andrey"]
[Black "Pregarac, Valter"]
[WhiteElo "2622"]
[BlackElo "2150"]
[Result "1-0"]
[PlyCount "91"]
[EventDate "2014.08.30"]

1. d4 Nf6 2. c4 e6 3. g3 Bb4+ 4. Bd2 Be7 5. Bg2 d5 6. Nf3 O-O 7. O-O c6 8. Bf4
Nbd7 9. Nc3 Nh5 10. Bc1 f5 11. b3 Bd6 12. Bb2 b6 13. e3 Bb7 14. Ne5 Nhf6 15.
Ne2 Qe7 16. Nf4 Rac8 17. Rc1 Rfd8 18. Qe2 Bb8 19. Nxd7 Nxd7 20. Rc2 Bd6 21.
Rfc1 Ba6 22. Nxe6 Re8 23. Nf4 Bxf4 24. gxf4 Nf6 25. Qd1 Ne4 26. Bf1 Bb7 27.
cxd5 cxd5 28. Rxc8 Rxc8 29. Rxc8+ Bxc8 30. Qc1 Bb7 31. f3 Nf6 32. Ba3 Qd8 33.
Bd3 g6 34. Qc3 Qa8 35. Kf2 Qd8 36. Qb4 Kf7 37. Qd6 Qxd6 38. Bxd6 Nd7 39. h4 Ke6
40. Be5 h5 41. Ke2 Ke7 42. Kd2 Kd8 43. Kc3 Kc8 44. e4 dxe4 45. fxe4 fxe4 46.
Bc4 1-0

[Event "XVI Festival A"]
[Site "Trieste ITA"]
[Date "2014.08.31"]
[Round "4"]
[White "Tratar, Marko"]
[Black "Wallis, Christopher"]
[WhiteElo "2490"]
[BlackElo "2348"]
[Result "1-0"]
[PlyCount "93"]
[EventDate "2014.08.30"]

1. Nf3 d5 2. d4 Nf6 3. c4 c6 4. e3 Bf5 5. Nc3 a6 6. Bd3 Bg6 7. O-O e6 8. b3
Nbd7 9. Bb2 Bd6 10. h3 O-O 11. Bxg6 hxg6 12. Qe2 Re8 13. Rfd1 Qc7 14. Rac1 dxc4
15. bxc4 c5 16. d5 exd5 17. Nxd5 Nxd5 18. Rxd5 Nb6 19. Rd3 Qc6 20. Qc2 Bc7 21.
Ba1 Rad8 22. Rxd8 Rxd8 23. Kf1 Na4 24. Rb1 Qd7 25. Rxb7 Qd1+ 26. Qxd1 Rxd1+ 27.
Ke2 Rxa1 28. Rxc7 Rxa2+ 29. Kf1 f6 30. g4 Nc3 31. Ne1 Ne4 32. Nd3 Nd2+ 33. Kg1
Nxc4 34. Nxc5 Ne5 35. Ne6 Nf7 36. Rc8+ Kh7 37. Rc7 Kg8 38. h4 Rd2 39. g5 fxg5
40. hxg5 Rd1+ 41. Kg2 Rd5 42. Rc8+ Kh7 43. Nf8+ Kg8 44. Nxg6+ Kh7 45. Nf8+ Kg8
46. g6 Nd8 47. Ne6 1-0

[Event "XVI Festival A"]
[Site "Trieste ITA"]
[Date "2014.08.31"]
[Round "4"]
[White "Vidic, Miha"]
[Black "Viola, Enrico"]
[WhiteElo "2100"]
[BlackElo "1821"]
[Result "1-0"]
[PlyCount "57"]
[EventDate "2014.08.30"]

1. d4 Nf6 2. Nf3 d5 3. c4 c6 4. Nc3 e6 5. Bg5 Be7 6. e3 Nbd7 7. Qc2 c5 8. dxc5
Qa5 9. a3 Bxc5 10. Rc1 Be7 11. Be2 O-O 12. O-O dxc4 13. Bxc4 e5 14. Ba2 Nb6 15.
h3 Bd7 16. Rfd1 Rac8 17. Qb1 Bxa3 18. Bxf6 gxf6 19. Nd5 Nxd5 20. Rxd5 Rxc1+ 21.
Qxc1 Bxb2 22. Qxb2 Qc7 23. Rd1 Rc8 24. Qa3 Bb5 25. Nh4 Qc2 26. Bb3 Rc3 27. Bxc2
Rxa3 28. Rd8+ Kg7 29. Nf5+ 1-0

[Event "XVI Festival A"]
[Site "Trieste ITA"]
[Date "2014.09.02"]
[Round "5"]
[White "Baiocchi, Emanuele"]
[Black "Heikkila, Antti"]
[WhiteElo "1870"]
[BlackElo "1953"]
[Result "1-0"]
[PlyCount "79"]
[EventDate "2014.08.30"]

1. e4 d6 2. Nc3 c5 3. g3 Nc6 4. d3 g6 5. Bg2 Bg7 6. Nge2 Nf6 7. O-O O-O 8. h3
Ne8 9. Be3 Nd4 10. f4 Bd7 11. Nc1 Bc6 12. Qd2 e6 13. Nd1 b6 14. c3 Nb5 15. Ne2
Qc8 16. d4 cxd4 17. cxd4 Qb7 18. d5 exd5 19. exd5 Bd7 20. a4 Nbc7 21. Bd4 Nf6
22. Ndc3 Na6 23. g4 Nc5 24. Ra3 Rae8 25. Ng3 Qa6 26. g5 Nh5 27. Nxh5 Bxd4+ 28.
Qxd4 gxh5 29. b4 Qd3 30. Qxd3 Nxd3 31. Ne4 Rxe4 32. Bxe4 Nxb4 33. Kf2 Na6 34.
Re1 Nc5 35. Bc2 f6 36. Kg3 fxg5 37. fxg5 h4+ 38. Kxh4 Rf4+ 39. Kh5 Ne4 40. Rxe4
1-0

[Event "XVI Festival A"]
[Site "Trieste ITA"]
[Date "2014.09.02"]
[Round "5"]
[White "Barp, Alberto"]
[Black "Curione, Francesco"]
[WhiteElo "2030"]
[BlackElo "2192"]
[Result "1-0"]
[PlyCount "69"]
[EventDate "2014.08.30"]

1. d4 Nf6 2. c4 g6 3. Nc3 d5 4. Nf3 Bg7 5. Bf4 O-O 6. e3 c5 7. dxc5 Qa5 8. Rc1
dxc4 9. Bxc4 Ne4 10. Be5 Bxe5 11. Nxe5 Nxc5 12. O-O Be6 13. Qf3 Nbd7 14. Nxd7
Bxc4 15. Nxf8 Bxf1 16. Nxg6 hxg6 17. Rxf1 Qb4 18. Qe2 Na4 19. Nxa4 Qxa4 20. b3
Qa3 21. Rd1 Rc8 22. g3 a6 23. h4 Rc5 24. Kg2 b5 25. Qd2 Rh5 26. Qd8+ Kg7 27.
Qd4+ e5 28. Qc3 Qxa2 29. Rd2 Qb1 30. Rd8 Qf5 31. Qc6 e4 32. Qe8 Qf3+ 33. Kg1
Kf6 34. Qf8 Rf5 35. Rd6+ 1-0

[Event "XVI Festival A"]
[Site "Trieste ITA"]
[Date "2014.09.02"]
[Round "5"]
[White "Borgo, Giulio"]
[Black "Vidic, Miha"]
[WhiteElo "2381"]
[BlackElo "2100"]
[Result "1-0"]
[PlyCount "73"]
[EventDate "2014.08.30"]

1. Nf3 d5 2. d4 Nf6 3. c4 c6 4. e3 e6 5. Nc3 Nbd7 6. Qc2 Bd6 7. b3 O-O 8. Bb2
b6 9. Be2 Bb7 10. O-O Qc7 11. Rac1 Rac8 12. Rfd1 Rfe8 13. g3 Qb8 14. Qb1 h6 15.
Bf1 Qa8 16. Nd2 c5 17. cxd5 exd5 18. Nf3 Bf8 19. Bh3 Rcd8 20. Bg2 Rc8 21. Qf5
g6 22. Qf4 Nh5 23. Qh4 c4 24. g4 Nhf6 25. Ne5 cxb3 26. axb3 a6 27. f4 Nxe5 28.
dxe5 Ne4 29. Nxe4 dxe4 30. Bd4 b5 31. f5 Bd5 32. e6 g5 33. Qh5 Qb7 34. Rxc8
Rxc8 35. h4 Rc7 36. hxg5 fxe6 37. gxh6 1-0

[Event "XVI Festival A"]
[Site "Trieste ITA"]
[Date "2014.09.02"]
[Round "5"]
[White "Cherin, Diego"]
[Black "Suc, Timothy"]
[WhiteElo "2247"]
[BlackElo "2122"]
[Result "1/2-1/2"]
[PlyCount "58"]
[EventDate "2014.08.30"]

1. e4 c5 2. Nf3 d6 3. d4 cxd4 4. Nxd4 Nf6 5. Nc3 a6 6. Bc4 e6 7. Bb3 Nbd7 8. f4
Nc5 9. f5 Be7 10. O-O Bd7 11. Qf3 O-O 12. Bg5 b5 13. fxe6 fxe6 14. Nf5 Nxb3 15.
Nxe7+ Qxe7 16. axb3 Bc6 17. Qd3 b4 18. Ne2 Bb5 19. Qe3 Ng4 20. Bxe7 Rxf1+ 21.
Kxf1 Nxe3+ 22. Kf2 Nxc2 23. Rc1 Bxe2 24. Rxc2 Bd3 25. Rc7 Bxe4 26. Bxd6 Bd5 27.
Ke3 Rb8 28. Rxg7+ Kxg7 29. Bxb8 Bxb3 1/2-1/2

[Event "XVI Festival A"]
[Site "Trieste ITA"]
[Date "2014.09.02"]
[Round "5"]
[White "De Schampheleire, Glen"]
[Black "Santeramo, Alessia Carmen"]
[WhiteElo "2307"]
[BlackElo "2059"]
[Result "1-0"]
[PlyCount "63"]
[EventDate "2014.08.30"]

1. Nf3 c5 2. c4 Nf6 3. Nc3 Nc6 4. d4 cxd4 5. Nxd4 e6 6. g3 Bb4 7. Bg2 O-O 8.
O-O a6 9. Bf4 Qe7 10. Nc2 Rd8 11. Nxb4 Qxb4 12. Na4 e5 13. Bg5 Rb8 14. Bxf6
gxf6 15. e3 d6 16. Rc1 Be6 17. a3 Qa5 18. b4 Qc7 19. Nc3 Ne7 20. Qh5 Kg7 21.
Ne4 Bf5 22. f4 Bxe4 23. Bxe4 Ng6 24. fxe5 dxe5 25. Bd5 Rd7 26. e4 a5 27. c5
Rbd8 28. Qf5 Rg8 29. Qxf6+ Kf8 30. c6 bxc6 31. Rxc6 Qa7+ 32. Kh1 1-0

[Event "XVI Festival A"]
[Site "Trieste ITA"]
[Date "2014.09.02"]
[Round "5"]
[White "Drazic, Sinisa"]
[Black "Stark, Lars"]
[WhiteElo "2433"]
[BlackElo "2453"]
[Result "1/2-1/2"]
[PlyCount "121"]
[EventDate "2014.08.30"]

1. Nf3 Nf6 2. g3 b5 3. Bg2 Bb7 4. Na3 b4 5. Nc4 c5 6. c3 e6 7. cxb4 cxb4 8. b3
Bxf3 9. Bxf3 d5 10. Bb2 Nbd7 11. Ne5 Nxe5 12. Bxe5 Bd6 13. Bxf6 Qxf6 14. Rc1
O-O 15. Qc2 g6 16. O-O Rfd8 17. h4 Be5 18. Qc6 Rab8 19. Kg2 h5 20. Qa6 Qe7 21.
Rc2 Qb7 22. Qd3 Rbc8 23. Rfc1 Rxc2 24. Rxc2 Rc8 25. e4 Rxc2 26. Qxc2 d4 27. Be2
Kg7 28. f4 Bd6 29. Kf2 e5 30. fxe5 Bxe5 31. Bc4 Qd7 32. Kg2 Qg4 33. Qd3 Qd1 34.
Qe2 Qc2 35. Qf2 Qxe4+ 36. Qf3 f5 37. Qxe4 fxe4 38. Bd5 e3 39. dxe3 dxe3 40. Bf3
Kf6 41. g4 hxg4 42. Bxg4 Bf4 43. Kf3 Ke5 44. h5 g5 45. h6 Kd4 46. h7 Be5 47.
Ke2 Ke4 48. Bf3+ Kf4 49. Bd5 g4 50. Be6 Bc3 51. Bd7 Bh8 52. Bc8 g3 53. Bb7 Bf6
54. Bc6 Bg7 55. Bb7 Be5 56. Bc6 Kg5 57. Kxe3 Kg6 58. Be4+ Kg7 59. Kd3 Bd6 60.
Kc4 Be7 61. Kd5 1/2-1/2